Quizzes
Events
Quiz Creation
Community
Videos
Private Events
Remove Ads
Sign In
Join for FREE
Feedback
Dark Mode
Quiz Categories
Sports
Geography
Music
Movies
Television
Just For Fun
Miscellaneous
History
Literature
Language
Science
Gaming
Entertainment
Religion
Holiday
For Kids
Quiz Lab
Recent
Popular Today
Quiz Kudos Today
Editor Picks
Curator Picks
Quizzes by...
Day
Popularity
Type
Ratings
Length
Year
Community
Subscriptions
Recent Discussions
Orange Saloon
Badges
Playlists
Quests
Create
Leaderboards
Showdown
Live 5
Trivia Bingo
Activity
Puzzle Library
Sporcle Events
Private Events
Virtual Trivia
Globe League
Become a Host
Pub Owners
SporcleCon
Opinionation
Our Games
Videos
Blog
Mobile Apps
Partnerships
Remove Ads and Go Orange
Feedback
Miscellaneous
Crossword
General Knowledge
Baby Names
Logo
Food
Cars
Numbers
Grab Bag
University
College
Popular
Company
Slogans
Restaurants
Justice
Letter
Miscellaneous
Crossword
General Knowledge
Baby Names
Logo
Food
Cars
Numbers
Grab Bag
University
College
Popular
Company
Slogans
Restaurants
Justice
Letter
Random Quiz
Search Sporcle
×
Quiz Lab
Quiz Lab
Miscellaneous
residence
Type in answers that appear in a list
Type in answers that appear in a list
Classic
Best Score? Go Orange.
Forbes Fictional 15 (As of 2007) Stats
Can you name the Forbes Fictional 15 (As of 2010)?
By
benny47000
10m
15 Questions
19 Plays
19 Plays
19 Plays
Comments
Comments
Give Quiz Kudos
Give Quiz Kudos
-
- Ratings
hide this ad
More Info
Replay
Link that replays current quiz
Next Quiz
Link to next quiz in quiz playlist
You Got
0%
They Got
Avg Score
35%
Avg Friend Score
Upgrade to see
Score Distribution
Jump to the score distribution portion of the page
Score
0/15
Timer
10:00
0
Plays Today
Residence
Member
% Correct
Gotham City, USA
Bruce Wayne
84.2%
Duckburg USA
Scrooge McDuck
73.7%
Richville, USA
Richie Rich
63.2%
Springfield, USA
C. Montgomery Burns
57.9%
New York, NY
Tony Stark
47.4%
Kent, England
Willy Wonka
36.8%
Mushroom Kingdom
Princess Peach
36.8%
Private Island, Pacific Ocean
Thurston Howell III
31.6%
Residence
Member
% Correct
Mingo City, Planet Mongo
Ming the Merciless
26.3%
New New York, USA
Mom
26.3%
Newport, R.I
Carter Pewterschmidt
15.8%
Palo Alto, CA
Fake Steve Jobs
15.8%
Wiltshire, England
Lucius Malfoy
10.5%
Beverly Hills, CA
John Clampett
5.3%
Westfield, NJ
Gomez Addams
5.3%
Quiz Playlist
Details
Report
Send in Message
Add To Playlist
More Info:
Taken from Forbes Fictional Rich List 2007
Classic:
Type in answers that appear in a list
Last Updated: Feb 16, 2017
Quiz Scoreboard
CHALLENGE
Sign Up to Join the Scoreboard
Show All
Scores
Hide
Comments
May contain spoilers
Recently Published
College Basketball Coaching Resumes
by pancakes188
Sports
9m
Billboard Blitz: Fleetwood Mac
by CooCooCachoo
Music
15s
Presidents Visiting Landmarks
by Hejman
History
7m
More to Explore
Quiz From the Vault
Featured Blog Post
Where Did the Easter Bunny Come From?
hide this ad
You Might Also Like...
Tags
2007
2010
fictional
force
residence
source
Today's Top Quizzes in Miscellaneous
Browse Miscellaneous
hide this ad
Today's Top Quizzes in residence
Browse residence
Top Contributed Quizzes in Miscellaneous
1
5-to-1: Fast Food
2
The JOE quick-fire general knowledge quiz: Day 174
3
The JOE quick-fire general knowledge quiz: Day 173
4
5-to-1: Cocktails
5
The JOE quick-fire general knowledge quiz: Day 172
6
Sunday Crossword: Famous Bodies of Water
7
The JOE quick-fire general knowledge quiz: Day 171
8
One Thing in Common: United Kingdom II
9
Named After an Animal - Odd One Out!
10
The JOE quick-fire quiz: Day 170
Explore More
Trending Topics
NBA
Kpop
Crossword
Marvel
Harry Potter
Disney
Anime
The Office
Puzzle
Country
WWE
Soccer
Song
Pokémon
NFL
hide this ad
More By:
benny47000
Quiz
Plays
Rating
Category
Featured
Created
How do these pokemon evolve or at what level
521
1.11
Gaming
Mar 19, 2011
James Bond Firsts
517
3.20
Movies
Feb 22, 2011
Things that helped Lutheranism to spread
104
1.00
History
Feb 20, 2011
Books of the Odyssey
68
1.00
Literature
Feb 20, 2011
Henry VIII Legislation dates
61
5.00
History
Feb 20, 2011
Go to Creator's Profile
Score Distribution
Quiz Creator Spotlight
benny47000
Follow
Send a Message
Quizzes Created
-
Created Quiz Play Count
-
More By This Creator
Popular Quizzes Today
1
Find the US States - No Outlines Minefield
2
Find the Countries of Europe - No Outlines Minefield
3
The Countries of the World
4
Find the US States
5
Risky Map Clicking: Biggest States A-Z
6
US States
7
Popular People in 1961
8
Movies - When Are They Set?
More Miscellaneous Quizzes
'A' Images in 15 Categories
Editor's Pick
Trending Quizzes
Risky Map Clicking: Least Populous States A-Z
1-10 Letter G Words
1-10 Letter F Words
Risky Map Clicking: Next State Alphabetically
Click the Washington State Counties! (Map)
Recently Updated
Leaping Animals
pecheneg
Reality TV Shows (A-Z)
bhenderson79
Rickey Henderson's Hall of Fame Teammates
pecheneg
Champions League XIs: Arsenal
pecheneg
Quick Pick: Celebrities in WWE's Hall of Fame
aduchscher
A-Z Keypad Blitz II
pecheneg
Multiple Oscar Actors
pecheneg
Mystery Phrase Blitz: Oscar 'Best Actors'
pecheneg
F. Scott Fitzgerald Novels
LTH
Pick 3 Villains
ddd62291
Trending Topics
Anime
Harry Potter
Disney
Kpop
Crossword
Marvel
NBA
WWE
The Office
NFL
Song
Soccer
Puzzle
Pokémon
Country
Your Account Isn't Verified!
In order to create a playlist on Sporcle, you need to verify the email address you used during registration. Go to your
Sporcle Settings
to finish the process.
Report this User
Report this user for behavior that violates our
Community Guidelines
.
Details:
Send Report
Go to the Sporcle.com Mobile Site →
Comments